Normal view
MARC view
Entry Personal Name
001 - CONTROL NUMBER
- control field: 167879
003 - CONTROL NUMBER IDENTIFIER
- control field: OSt
005 - DATE AND TIME OF LATEST TRANSACTION
- control field: 20220923224304.0
008 - FIXED-LENGTH DATA ELEMENTS
- fixed length control field: 220923|| aca||aabn | a|a d
040 ## - CATALOGING SOURCE
- Original cataloging agency: OSt
- Transcribing agency: OSt
100 ## - HEADING--PERSONAL NAME
- Personal name: फ्रेरे, पाओलो; उपाध्याय, रमेश, अनु
670 ## - SOURCE DATA FOUND
- Source citation: Work cat.: (OSt)370410: फ्रेरे, पाओलो; उपाध्याय, रमेश, अनु., उत्पीड़ितों का शिक्षाशास्त्र, 1997
